| 000 | 00494nam a2200193Ia 4500 | ||
|---|---|---|---|
| 999 |
_c35585 _d35585 |
||
| 003 | 0100 | ||
| 005 | 20170529115058.0 | ||
| 008 | 130303s9999 xx 000 0 und d | ||
| 040 | _cARRUPELIB | ||
| 050 | _aDT19.I56 1968 | ||
| 100 |
_aInternatinal Congress of African Historians _931407 |
||
| 245 | _aEmerging themes of African History | ||
| 260 |
_bEast African Publishing House _aNairobi _c1968 |
||
| 300 | _a230p. | ||
| 300 | _b 21cm. | ||
| 650 |
_bAfrica _xHistoriography _xCongresses _931408 |
||
| 700 |
_aRanger, T.O. ed. _931409 |
||
| 942 |
_2lcc _cMONOGRAPH |
||